000 nam a22 a 4500
999 _c937
_d937
003 AKMAL
005 20170508094551.0
008 170508r19942002my e 000 0 may d
020 _a9676900958 (kkt.):
_cRM 20.00
040 _aAKMAL
082 _a297.22 DIN
090 0 0 _a297.22
_bDIN
100 1 _aAttar, Farid al-Din
_91997
245 1 0 _aKisah para wali /
_cFarid al-Din Attar ; [susunan] A. J. Arberry
260 _aBatu Caves :
_bThinker's Library,
_c2002
300 _axii, 431ms. ;
_c22cm.
500 _aTerjemahan dari: Muslim saints & mystics (episodes from the tadkirat al-auliya)
504 _aBibliografi : ms. 430-431
650 1 0 _aSufis
_xBiography
_91998
650 2 0 _aSufism
_vEarly works to 1800
_91596
650 2 0 _aIslamic shrines
_91999
700 1 _aArberry, A.J.
_q(Arthur John)
_92000
942 _2ddc
_cBOOK